01748nam a2200265Ia 4500001000600000003000900006008004100015040001300056040001300069041001300082100001900095100002900114245006100143245006100204250001100265260000900276260003200285260004900317300005700366500095500423650002501378650003101403700001901434700002901453F3790IT-RoPAU130308s9999 xx 000 0 und d aIT-RoPAU cIT-RoPAU aITALIANO aColombo Fausto gCodice Aut. SPICS: 14748 aTesto visibile (Il): Teoria, storia e modelli di analisi bTesto visibile (Il): teoria, storia e modelli di analisi a1a ed. aROMA bLa Nuova Italia Scientifica c1996 [1° Ed.:1996 - Ed.Ling.Originale:1996] a"212 p. (prefazione: no ; testo: 212 [pagine: 0-0])" aPremessa: la nuvola di Amleto. Teoria e Storia della Visibilità Testuale.Per Un'Analisi della Visibilità Testuale: vie del Visibile, per una Definizione della Visibilità, visibile Industriale e Postindustriale. per una Storia della Visibilità Testuale: testo Come Utensile: Tacche figure Lettere, testo Antico da Spartito a Modello, testo Moderno Come camera delle Meraviglie, testo Contemporaneo Come Territorio Virtuale, Esperienza Testuale Ecostituzione dell'Identità del Soggetto. Analisi: Visibile/Ascoltabile: Poesia da Vedere, ritmo Visivo, Confini Visivi, Segnali, dal visivo al Sonoro, Funzione grafica della Scrittura. Visibile/Memorabile: immagine e Memoria, Ricordi nel Futuro, Abisso dei Ricordi. Visibile/Invisibile: una Storia di Fantasmi, Cinema Ipnosi e Regressione, Lettori spettatori e Sonnambuli, visibile e invisibile nel testo : Confini e Conflitti. Visibile/Percorribile: Isola Misteriosa, continuum di Gernsback. aSAGGI DI LINGUISTICA eCodice materia Spics: 3207 aEugeni Ruggero gCodice Aut. SPICS: 23669